000 01401nam a22003737a 4500
001 0015872
003 KOHA_MİRAKIL
005 20260207002045.0
007 ta
008 100401b1988 tu |||gr||||#0|||0|tur |
020 _c0,01
040 _aTR-BiSEU
_btur
_cTR-BiSEU
_erda
041 0 _atur
044 _ctu
050 _aDR401.2
_b.M55 1988
111 2 _aMilli Egemenlik (1988)
_936851
245 1 _aMilli egemenlik 1988 :
_bSempozyum ve panellerde sunulan bildiriler.
264 1 _aAnkara :
_bTBMM Kültür, Sanat ve Yayın Kurulu
_c1988
300 _a38 sayfa; 21 cm.
336 _ametin
_btxt
_2rdacontent
337 _aaracısız
_bn
_2rdamedia
338 _acilt
_bnc
_2rdacarrier
490 1 _aTürkiye Büyük Millet Meclisi Kültür, Sanat ve Yayın Kurulu yayınları ;
_v42
500 _aMilli egemenlik ve Erzurum kongresi-Milli Eğitim ilişkileri I-Milli egemenlik ve Milli Eğitim ilişkileri II.
650 0 _aTurkey--History--Revolution, 1918-1923--Congresses.
_917055
650 0 _aSovereignty--Congresses.
_914446
650 0 _aEducation--Turkey--History.
_913361
650 0 _aKurtuluş Savaşı, 1918-1923--Kongreler.
_936852
650 0 _aEgemenlik--Kongreler.
_914444
650 0 _aEğitim--Türkiye--Tarih.
_913362
830 1 _aTürkiye Büyük Millet Meclisi Kültür, Sanat ve Yayın Kurulu yayınları ;
_v42
_936215
907 _aTarih
942 _2lcc
_cBK
999 _c15834
_d15834